00908nam a2200229 4500001000700000003000900007005001700016008004100033040003900074041000800113082002200121110006800143245006800211250002200279260008100301300003300382650005400415650006300469942001200532999001900544952011500563113541DR-UNIBE20250502135203.0250502b2004 es ||||| |||| 00| 0 spa d aBIBLIOTECA UNIBEcBIBLIOTECA UNIBE aspa 222a346.082 R426L aRepública de El Salvador. Leyes, decretos, etceautor9194874 aLegislación bancaria /ccompilador: Corte Suprema de Justicia aPrimera edición aSan Salvador :bCorte Suprema de Justicia. Sección de Publicaciones,c2004 a682 páginas : c23 x 18 cm 2lembaBancos xLegislaciónzEl Salvador9194877 2lembaDerecho bancariozRepública de El Salvador9194878 2ddccBK c113541d113541 00102ddc708GENaPrincipald2025-04-08l0o346.082 R426Lp250400r2025-05-02 13:30:35tEj. 1w2025-05-02yBK